Statystyki dla Mata - 100 dni do matury

Kliknij tutaj aby rozwiązać quiz!

Ogólne statystyki

  • Ten quiz został rozwiązany 110 razy
  • Średni wynik to 11 z 18

Statystyki odpowiedzi

NumerTytułGość% Poprawnych
16100 dni do matury
93%
15GOMBAO 33GOMBAO 33
88%
17Schodki
85%
8Patointeligencja
78%
2Biblioteka Trap
73%
10Żółte flamastry i grube katechetki
69%
18Prawy do lewego
67%
3Piszę to na matmie
64%
11Mata Montana
63%
12Lezore
59%
7TangoDJ Flip
58%
1Intro (do nauki)
55%
13Wino Sangrita (s01e01)
55%
14Nero
53%
6Cafe PRL
49%
5Homo ludens
45%
4KonkubinatJerzy Bralczyk
45%
9Halellujah (Cover)
37%

Rozkład punktacji

Percentyl według liczby udzielonych odpowiedzi

Procent ludzi z każdym wynikiem

Twoja historia wyników

Nie rozwiązałeś tego quizu